[Event "VIE-ch U09 Girls"]
[Site "Ho Chi Minh City"]
[Date "2014.07.15"]
[Round "5"]
[White "Le, Dong Phuong"]
[Black "Phung, Thi Ngoc Chi"]
[Result "0-1"]
[WhiteElo "1562"]
[BlackElo "1597"]
[PlyCount "110"]
[EventDate "2014.07.13"]
[EventType "swiss"]
[EventRounds "9"]
[EventCountry "VIE"]
[SourceTitle "EXT 2016"]
[Source "ChessBase"]
[SourceDate "2015.10.08"]
[SourceVersion "1"]
[SourceVersionDate "2015.10.08"]
[SourceQuality "1"]

1. e4 Nf6 2. e5 Nd5 3. Bc4 Nb6 4. Bb3 g6 5. Nf3 Bg7 6. 0-0 0-0 7. Re1 Nc6 8. Nc3 e6 9. d3 h6 10. Bf4 d5 11. exd6 cxd6 12. Qd2 Kh7 13. h3 Na5 14. Ba4 Nxa4 15. Nxa4 Nc6 16. d4 b6 17. d5 exd5 18. Qxd5 Bb7 19. Qxd6 Qxd6 20. Bxd6 Rfd8 21. Be5 f6 22. Bf4 g5 23. Bg3 Rac8 24. a3 Ba8 25. Rad1 Rf8 26. Rd7 Kh8 27. Nc3 h5 28. h4 g4 29. Nd4 Nxd4 30. Rxd4 Rf7 31. Red1 Rff8 32. Rd7 a5 33. Bc7 Bc6 34. Re7 b5 35. Bxa5 f5 36. Bb4 Rf6 37. g3 Bf3 38. Rd6 Rff8 39. Nxb5 Rxc2 40. b3 Rb8 41. a4 Bf8 42. Rde6 Bxe7 43. Rxe7 Rd8 44. Re1 Kg8 45. a5 Rd1 46. Rxd1 Bxd1 47. Kf1 Be2+ 48. Ke1 Bxb5 49. f4 gxf3 50. Kd1 Re2 51. Be1 Kf7 52. b4 Ke6 53. Bc3 f2 54. a6 f1Q+ 55. Be1 Qxe1# 0-1